Uppsala 111 bus stops - Statistics

General Stats
  • This quiz has been taken 3 times
  • The average score is 14 of 24
Answer Stats
Answer % Correct
Uppsala centralstation
100%
Bälinge centrum
67%
Bälinge skola
67%
Flädervägen
67%
Högby
67%
Klostergatan
67%
Lilla Myrby
67%
Lilla Vallskog
67%
Lundgården
67%
Lytta
67%
Ryttarvägen
67%
Skolgatan
67%
Stora Vallskog
67%
Svartbäckens vårdcentral
67%
Svista
67%
Tuna Backar
67%
Tunabergsallen
67%
Ärentuna vägskäl
33%
Ärna bro
33%
Ärna gård
33%
Gråalsvägen
33%
Nyodlarvägen
33%
Prebendevägen
33%
Röbo
33%
No matching quizzes found
Score Distribution
Percent of People with Each Score
Percentile by Number Answered
Your Score History
You have not taken this quiz